[Event "SUI-ch U12"]
[Site "Kreuzlingen"]
[Date "2016.07.03"]
[Round "7"]
[White "Tamrazyan, Gohar"]
[Black "Cordey, Colin"]
[Result "1-0"]
[WhiteElo "1727"]
[BlackElo "1761"]
[PlyCount "31"]
[EventDate "2016.06.30"]
[EventType "swiss"]
[EventRounds "7"]
[EventCountry "SUI"]
[SourceTitle "EXT 2017"]
[Source "ChessBase"]
[SourceDate "2016.10.25"]
[SourceVersion "1"]
[SourceVersionDate "2016.10.25"]
[SourceQuality "1"]

1. e4 e6 2. d4 d5 3. Nc3 Bb4 4. exd5 exd5 5. Nf3 Bg4 6. Be2 Ne7 7. 0-0 0-0 8. Bf4 Ng6 9. Bg3 c6 10. Ne5 Bxe2 11. Qxe2 Re8 12. Qg4 Qf6 13. Rae1 Nxe5 14. Bxe5 Qg6 15. Bd6 Rxe1 16. Qc8+ 1-0

[Event "SUI-ch U12"]
[Site "Kreuzlingen"]
[Date "2016.07.01"]
[Round "2"]
[White "Cordey, Colin"]
[Black "Fecker, Noah"]
[Result "0-1"]
[WhiteElo "1761"]
[BlackElo "1976"]
[PlyCount "106"]
[EventDate "2016.06.30"]
[EventType "swiss"]
[EventRounds "7"]
[EventCountry "SUI"]
[SourceTitle "EXT 2017"]
[Source "ChessBase"]
[SourceDate "2016.10.25"]
[SourceVersion "1"]
[SourceVersionDate "2016.10.25"]
[SourceQuality "1"]

1. d4 Nf6 2. Nf3 c5 3. e3 d5 4. b3 Nc6 5. Bb2 Bg4 6. Nbd2 e6 7. h3 Bh5 8. Bd3 Be7 9. 0-0 0-0 10. a3 a6 11. c4 b6 12. Rc1 dxc4 13. bxc4 Qc7 14. Qb3 Rfd8 15. Ba1 Rab8 16. Qa4 cxd4 17. exd4 Qb7 18. Rb1 Bg6 19. Bxg6 hxg6 20. Qb3 Qd7 21. Qe3 Qd6 22. Rb3 Qc7 23. Rc1 Bd6 24. Rd3 Bf4 25. Qe2 Re8 26. Re1 Rbd8 27. Nb3 Bd6 28. Nbd2 Na5 29. Rc1 Nd5 30. Qf1 Nf4 31. Re3 Nh5 32. Bb2 Bf4 33. Re2 Nf6 34. Qe1 Nc6 35. g3 Bd6 36. Kg2 Qb7 37. Kh2 Qb8 38. Kg2 Re7 39. Rc3 Red7 40. Nb3 Qb7 41. Kh2 a5 42. Rc1 Bb8 43. Re3 Ne7 44. Rc2 Nf5 45. Ree2 Qxf3 46. Rc3 Qa8 47. Rd3 a4 48. Nc1 Nxd4 49. Qc3 Nxe2 50. Rxd7 Nxc3 51. Rxd8+ Kh7 52. Bxc3 Bxg3+ 53. fxg3 Qxd8 0-1

[Event "SUI-ch U10"]
[Site "Geneve"]
[Date "2013.06.27"]
[Round "1"]
[White "Cordey, Colin"]
[Black "Schlegel, Igor"]
[Result "0-1"]
[WhiteElo "1502"]
[BlackElo "1413"]
[PlyCount "62"]
[EventDate "2013.06.27"]
[EventType "tourn"]
[EventRounds "7"]
[EventCountry "SUI"]
[SourceTitle "EXT 2014"]
[Source "ChessBase"]
[SourceDate "2013.11.20"]
[SourceVersion "1"]
[SourceVersionDate "2013.11.20"]
[SourceQuality "1"]

1. e4 e5 2. Nf3 Nc6 3. Bc4 Bc5 4. c3 Nf6 5. d3 0-0 6. 0-0 h6 7. Re1 d6 8. d4 Bb6 9. Nbd2 exd4 10. cxd4 Nxd4 11. Nxd4 Bxd4 12. Nf3 Bb6 13. Be3 Be6 14. Bb3 Re8 15. Nd2 Qd7 16. Rc1 Rad8 17. Qc2 Bxb3 18. Qxb3 Nxe4 19. Nc4 d5 20. Nxb6 axb6 21. Red1 Nf6 22. Bd4 Re6 23. Rd3 c5 24. Bc3 c4 25. Qxc4 dxc4 26. Rxd7 Rxd7 27. g3 Red6 28. Kg2 Ne4 29. Bb4 Rc6 30. f3 Nf6 31. Rc3 Nd5 0-1